000 00653nam a22002177a 4500
005 20260525145746.0
020 _a9780070091245
041 _aENG
082 _a338.6041 ROS
_bROS
100 _aRoss,Stephen A.
245 _aCorporate finance/
_cStephen A Ross, Randolph W Westerfield , Jeffrey Jaffe, Ram Kumar Kakani
250 _a8th ed.
260 _aNew Delhi :
_bMc Graw Hill ,
_c2009 .
300 _axxxiv , 1105 pages :
_c24 cm .
_billustrations ;
504 _aInclude Indexes .
650 _aFinancial Management
700 _a Westerfield, Randolph W.
700 _a Jaffe, Jeffrey
700 _a Kakani, Ram Kumar
942 _2ddc
_cBK
999 _c24353
_d24353